Catalog

Record Details

Catalog Search



O modlitbě : uvedení do školy křesťanské modlitby  Cover Image Book Book

O modlitbě : uvedení do školy křesťanské modlitby / Romano Guardini ; [z německého originálu ... přeložil Otakar Veselý]

Record details

  • Physical Description: 271 s. ; 18 cm
  • Edition: 1. vyd.
  • Publisher: Praha : Ústřední církevní nakladatelství, 1970

Content descriptions

General Note:
Pozn. o autorovi
Bibliography, etc. Note:
Obsahuje bibliografické odkazy
Issuing Body Note:
Vydavatel: Česká katolická charita
Subject: Guardini, Romano, 1885-1968
křesťanské modlitby
duchovní život
Bůh a člověk
biblické citáty
Genre: příručky
úvahy

Available copies

  • 1 of 1 copy available at Common Catalog SPOK.

Holds

  • 0 current holds with 1 total copy.
Show Only Available Copies
Location Call Number / Copy Notes Barcode Shelving Location Status Due Date
Jabok Library PT-8.2.6 424480009013 Odborná literatura Available -

LDR 02003cam a22005291a 4500
0018264
003CZ-PrJAB
00520170315125816.0
007ta
008970611s1970 xr 000 0 cze
015 . ‡acnb000427945
035 . ‡a(CZ PrSKC)0672640
035 . ‡a(OCoLC)85227615
040 . ‡aABA001 ‡bcze ‡cULG001 ‡dABA001 ‡dCBA001
0411 . ‡acze ‡hger
072 7. ‡a27-5 ‡xLiturgie. Křesťanské umění a symbolika. Duchovní život ‡2Konspekt ‡95
080 . ‡a27-277.2 ‡2MRF
080 . ‡a27-184 ‡2MRF
080 . ‡a27-584 ‡2MRF
080 . ‡a27-534.35 ‡2MRF
080 . ‡a(0:82-4) ‡2MRF
080 . ‡a(035) ‡2MRF
1001 . ‡aGuardini, Romano, ‡d1885-1968 ‡7jn19990002967 ‡4aut
24510. ‡aO modlitbě : ‡buvedení do školy křesťanské modlitby / ‡cRomano Guardini ; [z německého originálu ... přeložil Otakar Veselý]
250 . ‡a1. vyd.
260 . ‡aPraha : ‡bÚstřední církevní nakladatelství, ‡c1970 ‡e(Přerov : ‡fTisk 4)
300 . ‡a271 s. ; ‡c18 cm
4901 . ‡aPaprsek ; ‡vsv. 1
500 . ‡aPozn. o autorovi
504 . ‡aObsahuje bibliografické odkazy
550 . ‡aVydavatel: Česká katolická charita
60017. ‡aGuardini, Romano, ‡d1885-1968 ‡7jn19990002967 ‡2czenas
65007. ‡akřesťanské modlitby ‡7ph115068 ‡2czenas
65007. ‡aduchovní život ‡7ph114375 ‡2czenas
65007. ‡aBůh a člověk ‡7ph116953 ‡2czenas
65007. ‡abiblické citáty ‡7ph118853 ‡2czenas
655 7. ‡apříručky ‡7fd133209 ‡2czenas
655 7. ‡aúvahy ‡7fd134000 ‡2czenas
7001 . ‡aVeselý, Otakar, ‡d1932-2008 ‡7jk01142206 ‡4trl
7102 . ‡aKatolická církev. ‡bČeská katolická charita ‡7kn20010725039 ‡4pbl
7650 . ‡tVorschule des Betens ‡9Česky
830 0. ‡aPaprsek (Česká katolická charita v Ústředním církevním nakladatelství) ; ‡v1
910 . ‡aABG312
901 . ‡a8264 ‡bUnknown ‡c8264 ‡tbiblio

Additional Resources